| 000 | 004680000a22001810004500 | ||
|---|---|---|---|
| 003 | MACL | ||
| 005 | 20151231115804.0 | ||
| 008 | 151231b xxu||||| |||| 00| 0 eng d | ||
| 040 |
_aMACL _cMACL |
||
| 041 | _aEnglish | ||
| 082 | _a330.095/SHA | ||
| 100 |
_aShah, K T _925443 |
||
| 245 | _aAncient Foundations of Economics in India | ||
| 260 |
_bVora & Co Publishers Ltd _c1954 _aBombay |
||
| 350 | _a11 | ||
| 650 |
_aEconomics _925444 |
||
| 942 |
_cBK _k330.095/SHA _2ddc |
||
| 999 |
_c36160 _d36160 |
||